000 02859cam a2200313 4500500
005 20260329012425.0
041 _afre
042 _adc
100 1 0 _aSomé, Magloire
_eauthor
245 0 0 _aActeurs et pratiques du processus d’africanisation du clergé catholique (1852-1965)
260 _c2026.
500 _a64
520 _aCe texte offre une perspective d’ensemble sur le processus d’africanisation du clergé catholique, depuis les balbutiements du XIXe siècle (les premières ordinations ont lieu au Sénégal en 1852) jusqu’à l’époque du concile Vatican II (1962-1965), qui voit s’accélérer un véritable transfert du pouvoir au profit des clergés autochtones. Cette synthèse cherche à éclairer les difficultés et les débats souvent âpres qui accompagnèrent, dans le monde missionnaire, le développement des réseaux de séminaires et l’objectif, répété par Rome à partir du XXe siècle mais resté quasiment lettre morte jusqu’à la Seconde Guerre mondiale, de former de véritables clergés locaux. L’article illustre également la force des tensions qui opposèrent, dans le cadre de la situation coloniale, les missionnaires aux prêtres locaux, et poussèrent certains parmi eux, à la fin de la période, à prendre part aux dynamiques d’émancipation culturelle, religieuse et parfois politique.
520 _aThis text offers an overview of the process of the Africanisation of the Catholic clergy, from the earliest beginnings in the nineteenth century (the first ordinations took place in Senegal in 1852) up to the time of the Second Vatican Council (1962-1965), which saw the acceleration of a genuine transfer of power to the native clergy. This summary seeks to shed light on the difficulties and the often bitter debates that accompanied, in the missionary world, the development of seminary networks and the objective, repeated by Rome from the twentieth century onwards but remaining virtually a dead letter until the Second World War, of forming genuine local clergy. The article also illustrates the strength of the tensions between missionaries and local priests in the colonial context, which led some of them to take part in the dynamics of cultural, religious and sometimes political emancipation at the end of the period.
690 _aafricanisation
690 _aAfrique
690 _aclergé autochtone
690 _adécolonisation
690 _amissions catholiques
690 _aXIXe-XXe siècle
690 _a19th-20th century
690 _aAfrica
690 _aAfricanization
690 _aCatholic missions
690 _adecolonization
690 _anative clergy
786 0 _nOutre-Mers | 426-427 | 1-2 | 2026-02-26 | p. 27-48 | 1631-0438
856 4 1 _uhttps://shs.cairn.info/revue-outre-mers-2025-1-2-page-27?lang=fr&redirect-ssocas=7080
999 _c1870877
_d1870877